| 000 | 00712nam a2200217 i 4500 | ||
|---|---|---|---|
| 001 | 37322 | ||
| 003 | ES-MaACL | ||
| 005 | 20260426162625.0 | ||
| 007 | t| | ||
| 008 | 030220s1943 ag ||||1| spa d | ||
| 100 | 1 |
_aButler, E. M. _932941 |
|
| 245 | 1 | 0 |
_aRainer María Rilke / _cE. M. Butler ; [traducción de Pablo Simón]. |
| 260 |
_aBuenos Aires : _bPoseidón, _c[1943] ( _fSebastián de Amorrortu e Hijos) |
||
| 300 |
_a483 p. : _bretr. aut. ; _c23 cm. |
||
| 490 | 1 | _aBiografías de ayer y de hoy | |
| 600 | 1 | 4 |
_aRilke, Rainer Maria, _d1875-1926 _997230 |
| 700 | 1 |
_aSimón, Pablo. _9106530 |
|
| 830 | 0 |
_aBiografías de ayer y de hoy _9181707 |
|
| 852 |
_aES-MaACL _jD-6678 _bR.30621 |
||
| 999 |
_c37322 _d37322 |
||